000 00549cam a2200205ua 4500
001 3032
008 110922n ii |||gr||||Z||||||asm
020 _a81-237-3295-3
040 _cMAIN
082 _a920
100 1 _aBhattacharya, Sabyasasee,
_eAuthor.
245 1 1 _aKishorar Buddhadev
_cby Sabyasasee Bhattacharya
250 _a1st.
260 _aNew delhi:
_bNational book trust,
_c2000.
300 _a57p:
_c23cm.
653 _aBiography
653 _aBiography of Sabyasasee Bhattacharya
700 1 _aSaikia, Rajen,
_eEditor.
942 _cBK
999 _c2880
_d2880